000 00391nam a2200157Ia 4500
008 130318s9999 xx 000 0 und d
020 _a9780131440258
082 _a004 MUR/A
100 _aMurch, Richard
245 _aAutonomic Computing
260 _bPearson Education
_aNew Jersey
_c2004
300 _a309
650 _aAUTONOMY
650 _aCOMPUTING
650 _aCOMPUTING ARCHITECTURE
999 _c2398
_d2398